000 00386nam a2200169Ia 4500
001 12396
003 IN-NITTTR
005 20251114233116.0
008 251113s9999||||xx |||||||||||||| ||eng||
040 _beng
040 _cIN-NITTTR
041 _aeng
082 _a343.5402 K142C
100 _aKapoor, N. D.
245 0 _aElements of company law /
_cKapoor, N. D.
942 _2ddc
_cBK
999 _c15032
_d15032